Quizlendrier de l'Avent #21 - Noël dans le jeu vidéo - Statistiques

Statistiques générales
  • Ce quiz a été pris 81 fois
  • Le résultat moyen est 4 sur 10
Statistiques - réponses
Indices Réponses % Correct
Adaptation d'un film de Noël sur Game Boy Advance, dont l'intrigue est basée sur un train Pôle Express
70%
Nom donné à Noël dans la série Animal Crossing Jour des {cadeaux}
67%
Autre nom du Père Noël, donnant son nom à un jeu sur Game Boy Advance Santa Claus
57%
Dans Animal Crossing, ce renne vous charge de livrer des cadeaux aux habitants le soir de Noël Rodolphe
51%
Série de jeux actions-RPG dans l'univers de Disney dont un niveau est consacré à L'Etrange Noël de Monsieur Jack Kingdom Hearts
48%
Classique de la Nintendo 64, mettant en scène un ours et un oiseau, dont un niveau est consacré à Noël Banjo-Kazooie
46%
Série de jeux vidéo de réflexion mettant en scène de petits rongeurs, dont un épisode est consacré à Noël Lemmings
15%
Célèbre jeu de plateforme 16 bits édité par Sunsoft où le joueur incarne le Père Noël Daze Before Christmas
5%
Poisson agent-secret dont la deuxième aventure a lieu à Noël, sur Amiga James Pond
5%
Exclusivité de la Wii U se déroulant pendant les fêtes de Noël, de Platinum Games et Nintendo Bayonneta 2
4%
Aucun quiz correspondant
Distribution des résultats
% des personnes avec chaque résultat
Percentile par nombre de réponses
Votre historique - résultats
Vous n’avez pas pris ce quiz